000
00223nam a2200097Ia 4500
005
20251222114411.0
008
251222s1900||||xx |||||||||||||| ||spa||
082
_a
DVD0093/S42
245
0
_a
Serie la verdad I y II.
942
_c
DVD
999
_c
2055
_d
2055